000
00339 a2200157 4500
001
69081
020
_a
8572081808
040
_c
Anchieta - Itaigara
100
_a
Albergaria, Lino de
240
1
0
_a
Maria Poliana
_l
por
245
1
0
_a
Maria Poliana
300
_a
71
362
0
_a
1997
650
4
_a
Literatura infanto-juvenil
942
_c
BK
999
_c
69081
_d
69081